| 000 | 00379pab a2200157 454500 | ||
|---|---|---|---|
| 008 | 180718b2004 xxu||||| |||| 00| 0 eng d | ||
| 100 | _aSundar, I. | ||
| 245 | _aRegional variation in performance of self help groups | ||
| 260 | _c2004 | ||
| 300 | _ap.10-16,29. | ||
| 362 | _aJan | ||
| 650 | _aSelf help | ||
| 700 | _aAsokan, R. | ||
| 773 | _aSocial Welfare | ||
| 909 | _a59180 | ||
| 999 |
_c59180 _d59180 |
||